000 00700nam a2200289Ia 4500
005 20260324140629.0
008 008 260324s9999 xx 000 0 eng d
020 _a9780429231124
037 _aEBOOK
040 _aCRL
040 _beng
040 _cCRL
041 _2eng
041 _aeng
084 _qCRL
100 _aLennart Petersson
_91205136
245 0 _aPost-Apartheid Southern Africa
245 0 _bEconomic Challenges and Policies for the Future
260 _bTaylor and Francis
260 _c1998
365 _a
365 _b230
856 _uhttp://www.taylorfrancis.com/books/9780429231124
942 _cEBOOK
999 _c1807394
_d1807394